00408pab a2200145 454500008004000000100002800040245007800068260000900146300001300155362001100168650001300179700002100192700001500213773003400228180718b1998 xxu||||| |||| 00| 0 eng d aBhattacherjee, Debashis aTop management remuneration and firm performance: an exploratory analysis c1998 ap.M10-15 a28 Feb aManagers aRavi Shanker, G. aJairam, S. aEconomic and Political Weekly